| 000 | 00570nam a2200169 i 4500 | ||
|---|---|---|---|
| 001 | 58203 | ||
| 003 | ES-MaACL | ||
| 005 | 20230906163740.0 | ||
| 007 | t| | ||
| 008 | 031021s1931 sp ||||1| spa d | ||
| 100 | 1 |
_aDuerigen, Bruno. _945881 |
|
| 245 | 1 | 0 |
_aTratado de avicultura / _cpor Bruno Duerigen ; versión de la 5ª ed. alemana por E.M. Martínez Amador. |
| 260 |
_aBarcelona : _bGustavo Gili, _c1931 ( _fGuinart y Pujolart) |
||
| 300 |
_a2 t., lám. : _bil. ; _c25 cm. |
||
| 700 | 1 |
_aMartínez Amador, Emilio M. _977852 |
|
| 852 |
_aES-MaACL _jE-1417-18 _bR.34744 |
||
| 999 |
_c58203 _d58203 |
||